Six Feet Under - The Weeknd Lyrics - Statistics

General Stats
  • This quiz has been taken 57 times
  • The average score is 270 of 372
Answer Stats
HINT LYRICS % Correct
a
100%
get
100%
n*****
100%
She
100%
she
100%
that
100%
feet
96%
in
96%
it
96%
C | Outro Six
96%
six,
96%
six
96%
under,
96%
2x under
96%
do
91%
don't
91%
gon'
91%
go'n
91%
gon
91%
got
91%
Got
91%
lick
91%
like
91%
f*ck
87%
the
87%
time
87%
up
87%
for
83%
3x paper
83%
ain't
78%
candy
78%
f*ckin'
78%
her
78%
husband
78%
know
78%
'em
74%
just
74%
Louis
74%
lovin'
74%
no
74%
When
74%
emotional
70%
make
70%
p*ssy
70%
so
70%
to
70%
all
65%
kill
65%
pull
65%
Vuitton
65%
wanna
65%
who
65%
about
61%
and
61%
And
61%
around
61%
around,
61%
Bentley
61%
couple
61%
family
61%
leave
61%
on
61%
play
61%
club
57%
depend
57%
die
57%
fancy
57%
feelings
57%
money,
57%
money
57%
rather
57%
She'd
57%
Suit
57%
that's
57%
with
57%
You
57%
you
57%
approachable
52%
V1 Ask
52%
games
52%
life
52%
live
52%
tie
52%
why
52%
fanbase
48%
me
48%
pop
48%
till
48%
tryna
48%
body
43%
comes
43%
down,
43%
give
43%
lustin'
43%
now
43%
off
43%
back
39%
how
39%
nobody
39%
poppin'
39%
roleplay
39%
suitcase
39%
they
39%
anybody
35%
ass
35%
crew
35%
love's
35%
2x mind
35%
Not
35%
over
35%
waste
35%
backbone
30%
bend
30%
check
30%
find
30%
hard
30%
hobby
30%
home,
30%
lose
30%
oh,
30%
Bridge Real
30%
turn
30%
what
30%
whole
30%
catch
26%
Countin'
26%
cryin'
26%
phone
26%
waitin'
26%
need
22%
own
22%
trap
22%
type
22%
blingin'
17%
2x murder,
17%
2x murder
17%
No matching quizzes found
Score Distribution
Percent of People with Each Score
Percentile by Number Answered
Your Score History
You have not taken this quiz